Missing Word: The Adventures of Tintin Quiz Stats

 Plays Quiz Updated Apr 28, 2018

Score 0/20 Timer 03:00
1 Play Today
Tintin Comic Missing Word % Correct
Explorers on the ____Moon
75.2%
Red Rackham's ________Treasure
73.3%
______ 714Flight
72.9%
The ____ with the Golden ClawsCrab
72.4%
Land of Black ____Gold
71.5%
The _____ Crystal BallsSeven
70%
The Blue _____Lotus
64.9%
Cigars of the _______Pharaoh
63.9%
The _____ IslandBlack
62.6%
The ______ EarBroken
61.9%
Tintin Comic Missing Word % Correct
King Ottokar's _______Sceptre
61.3%
The Secret of the _______Unicorn
56.5%
The Castafiore _______ Emerald
56.2%
__________ MoonDestination
54.7%
The _______ AffairCalculus
54.7%
The ________ StarShooting
53.6%
Tintin in the Land of the _______Soviets
50%
Prisoners of the ___Sun
49.9%
Tintin in the _____Congo
49.7%
The Red Sea ______Sharks
48.8%

Today's Daily Dose

Missing Word
Movies of 1964

Get the Picture
Rock Bands

You're not logged in!

Compare scores with friends on all Sporcle quizzes.
OR
Log In

You Might Also Like...

Show Comments

Extras

Top Quizzes Today


Score Distribution

Your Account Isn't Verified!

In order to create a playlist on Sporcle, you need to verify the email address you used during registration. Go to your Sporcle Settings to finish the process.

Report this User

Report this user for behavior that violates our Community Guidelines.

Details: